000 00752nam a2200253Ia 4500
003 OSt
005 20220930093934.0
006 a|||||r|||| 00| 0
007 ta
008 220926b |||||||| |||| 00| 0 urd d
024 _a63154
037 _cTheses
040 _aCRL
_cCRL
_burd
041 _2urd
_aurd
100 _aAlam Zafar Au.
_9553832
110 _aUniversity of Delhi. Faculty of Arts. Department of Urdu
245 0 _aTaraqqi pasand tehreek Abdul Aleem ki deen
260 _c2018
300 _a362p.
_ap.
_ccm.
700 _a Alam Mohammad Naushad Gu.
_9553833
700 _aUniversity of Delhi. Faculty of Arts. Department of Urdu
942 _cDIS
_2CC
999 _c886276
_d886276